Modern algebra an introduction : An introduction
Kaydedildi:
| Yazar: | |
|---|---|
| Materyal Türü: | Kitap |
| Dil: | Undetermined |
| Baskı/Yayın Bilgisi: |
Hoboken
John Wiley & Sons
2005
|
| Konular: | |
| Etiketler: |
Etiketle
Etiket eklenmemiş, İlk siz ekleyin!
|
| Thư viện lưu trữ: | Trung tâm Học liệu Trường Đại học Cần Thơ |
|---|
| LEADER | 00530nam a2200205Ia 4500 | ||
|---|---|---|---|
| 001 | CTU_100224 | ||
| 008 | 210402s9999 xx 000 0 und d | ||
| 020 | |c 88000 | ||
| 082 | |a 512.02 | ||
| 082 | |b D953 | ||
| 100 | |a Durbin, John R. | ||
| 245 | 0 | |a Modern algebra an introduction : | |
| 245 | 3 | |b An introduction | |
| 245 | 0 | |c John R. Durbin | |
| 260 | |a Hoboken | ||
| 260 | |b John Wiley & Sons | ||
| 260 | |c 2005 | ||
| 650 | |a Algebra, abstract | ||
| 904 | |i Giang | ||
| 980 | |a Trung tâm Học liệu Trường Đại học Cần Thơ | ||